00396 2200157 4500001002100000005001500021035002000036245005000056100002200106300002600128260002800154082000800182084001400190020002200204990001200226INLIS00000000000294020250917105957 a0010-09250002871 aI Remember When You Said /cFatmasari Ningrum0 aFatmasari Ningrum a304 hlm ;c13 x 19 cm aJakarta :bZettu,c2013 a813 a813 FAT i a978-602-7735-78-1 a0755693